Contabilidad industrial (Record no. 138392)

MARC details
000 -LEADER
campo de control de longitud fija 00658nam a2200181 4500
001 - NÚMERO DE CONTROL
campo de control 138392
003 - IDENTIFICADOR DE NÚMERO DE CONTROL
campo de control ES-MaACL
005 - FECHA Y HORA DE LA ÚLTIMA TRANSACCIÓN
campo de control 20230906195546.0
007 - CAMPO FIJO DE DESCRIPCIÓN FÍSICA--INFORMACIÓN GENERAL
campo de control de longitud fija t|
008 - DATOS DE LONGITUD FIJA--INFORMACIÓN GENERAL
campo de control de longitud fija 070214s1950 ag r ||||1| spa d
100 1# - ENTRADA PRINCIPAL--NOMBRE DE PERSONA
Nombre de persona Sanders, Thomas Henry.
9 (RLIN) 103080
245 10 - MENCIÓN DEL TÍTULO
Título Contabilidad industrial
Resto del título : (la contabilidad de costos como factor de control) /
Mención de responsabilidad, etc. Thomas Henry Sanders ; traducción directa de la 8ª edición (61ª impresión) del inglés de Jorge Bravo.
250 ## - MENCION DE EDICION
Mención de edición 1ª ed. argentina.
260 ## - PUBLICACIÓN, DISTRIBUCIÓN, ETC.
Lugar de publicación, distribución, etc. Buenos Aires :
Nombre del editor, distribuidor, etc. Selección Contable,
Fecha de publicación, distribución, etc. 1950.
300 ## - DESCRIPCIÓN FÍSICA
Extensión 2 t. ;
Dimensiones 23 cm.
700 1# - ENTRADA AGREGADA--NOMBRE PERSONAL
Nombre de persona Bravo, Jorge.
9 (RLIN) 31460
852 ## - LOCALIZACIÓN
Ubicación ES-MaACL
Número de control de estantería F-633-4
Sublocalización o colección R.39991
Holdings
Estatus retirado Estado de pérdida Estado de daño No para préstamo Biblioteca de origen Biblioteca actual Ubicación en estantería Fecha de adquisición Fuente de adquisición Total de préstamos Signatura topográfica completa Código de barras Visto por última vez Precio de reemplazo Tipo de ítem Koha
        Biblioteca del Ateneo de Madrid Biblioteca del Ateneo de Madrid Depósito 2 17/01/2008     F-633-4 1144006 23/02/2023 23/02/2023 Libro impreso